000 00830cab a2200229 4500
001 WB3505-02
008 090401t1999 xxu||||| |||| 00| 0 eng d
035 _a(Sirsi) u91044
041 _aeng
245 _aUniting to win work
260 _c1999
350 _a0
490 _aBuilding
_v263(8072) 29 January 1999, 14(1)
520 _aBidding consortia made up of small construction firms could spring up around the country following the success of a pilot project in Hampshire. Key Consortia, a Hampshire company set up by local contractors and architects has won a share of a £180m regeneration scheme in Portsmouth.
650 _aBIDDING CONSORTIA
650 _aCONSTRUCTION FIRMS
650 _aCONSTRUCTION PROJECTS
650 _aSMALL FIRMS
690 _aBUILT ENVIRONMENT
942 _n0
948 _c02/02/1999
999 _c57768
_d57768